• 首页
  • 本馆介绍
  • 公告通知
  • 最新文献
  • 馆藏检索
  • 电子资源
  • 读者导购
  • 参考咨询
  • 我的图书馆
  • 登录
  • 详细信息显示
  • 放入我的书架
  • 预约/预借图书
  • 作者相关作品
  • 分类相关作品
  • 丛书相关作品
  • 出版社相关作品

书目信息

  • 表格格式
  • 工作单格式
  • 卡片格式
题名:
历代名人谥号谥发文献辑刊
    
 
作者:
分册:  
出版信息: 北京   北京图书馆出版社  2017.70
页数: 459页
开本: 24cm
丛书名:
单 册:
中图分类: D278
科图分类:
主题词: 中国共产党
电子资源:
ISBN:
000 00482nam0 2200157 450
001 202411141180636706
005 20241115082152.11
100    @a20241114d km y0chiy0120 ea
101 0  @achi
200 1  @a历代名人谥号谥发文献辑刊@ALi Dai Ming Ren Shi Hao Shi Fa Wen Xian Ji Kan
210    @a北京@c北京图书馆出版社@d2017.70
215    @a459页@d24cm
606 0  @a中国共产党
690    @aD278@v4
801  0 @aCN@b大连网信软件有限公司图书馆·11@c20241115
905    @aZUCC@b7622418@dD278@e2142@f1
    
    历代名人谥号谥发文献辑刊.-北京:北京图书馆出版社,2017.70
    459页;24cm
    
    
    ISBN :
    
●
相关链接 在E读中查询图书 在五车中查询图书 在当当中查询图书 在豆瓣中查询图书


正题名:历代名人谥号谥发文献辑刊     索取号:D278/2142         预约/预借

序号 登录号 条形码 馆藏地/架位号 状态 备注
1 7622418   276224186   密集书库-资源管理系/ [索取号:D278/2142] 在馆    
唐山师范学院图书馆 欢迎您!
大连网信软件有限公司© 版权所有